000 01233cad a22002055a 4500
001 L137608
008 070418s2007 f 000 0 eng d
035 _a(Sirsi) u137608
041 0 _aeng
050 0 4 _a346.4104343 $2 18
110 2 _aColliers International
_95548
245 0 0 _a2007 Worldwide leasing guidelines
_ba comprehensive review of real estate practices around the globe
_h[electronic resource]
260 _a[S.l.]
_bColliers
_c2007
520 _aGives information on current practice for a number of major countries currently active in this field. Covers questions on: the lease, including length, agreements, extensions and sub-leases; rental, including adjustments and methods of payments; facilities, including measurement of floor space and provision by the landlord before occupancy; costs, including key money, improvements and possible additional costs; and options, including short term possibilities and leasing by foreigners.
590 _aKA NTK
651 4 _aInternational
690 _aPROPERTY-COMMERCIAL PROPERTY-COMMERCIAL LANDLORD AND TENANT
856 4 0 _uhttps://www.colliers.com
_zView the item free of charge by searching on 'worldwide leasing guidelines' at www.colliers.com...
942 _n0
999 _c106848
_d106848